| 000 | 00665nam a2200217 a 4500 | ||
|---|---|---|---|
| 999 |
_c7270 _d7270 |
||
| 001 | 7270 | ||
| 003 | BD-JhCC | ||
| 005 | 20180207120124.0 | ||
| 008 | 171104s1994 bg |||| ||a| 000 0 ben d | ||
| 035 | _a(BD-JhCC)7270 | ||
| 040 |
_aBD-JhCC _dBD-JhCC |
||
| 041 | _aben | ||
| 082 |
_a954.9205 _bBIS 1994 |
||
| 100 | _aবিশ্বাস, মনোরঞ্জন | ||
| 245 |
_aমাগুরা সন্দর্ভ / _cমনোরঞ্জন বিশ্বাস, |
||
| 260 |
_bকল্পনা বিশ্বাস, _c1994. |
||
| 300 |
_a91 p. : _c22 cm. |
||
| 650 |
_aHistory of Bangladesh _zMagura |
||
| 942 |
_2ddc _cBK |
||